000 00494nam a2200145 a 4500
008 120416s1982 ||||||||||||||||| || u
050 _aHF 5429.235G7 Men
245 1 4 _aThe guide to franchising
246 _aM. Mendelsohn
250 _a3rd. ed.
260 _aNew York
_bPergamon
_c1982
300 _a275p. : ill.
350 _a0.00
995 _D0.00
_FCBU-MAIN LIBRARY (Kitwe)
_H1
_I0.00
_UAVAILABLE
_ZMain Library Open Access Collection
999 _c45095
_d45095